Liverpool - Barcelona 2018/19 UEFA Champions League- Starting Xi's - Statistics

General Stats
  • This quiz has been taken 45 times
  • The average score is 18 of 22
Answer Stats
% Correct
Mane
98%
Messi
98%
Robertson
98%
Suarez
98%
FC Barcelona Ter Stegen
98%
Liverpool FC Alisson
96%
Van Dijk
96%
Alexander-Arnold
93%
Henderson
93%
Pique
91%
Busquets
89%
Alba
87%
Matip
87%
Origi
87%
Fabinho
84%
Coutinho
71%
Milner
71%
Rakitic
64%
Lenglet
62%
Roberto
58%
Shaqiri
58%
Vidal
27%
No matching quizzes found
Score Distribution
Percent of People with Each Score
Percentile by Number Answered
Your Score History
You have not taken this quiz